| 000 | 01938nam a22003497a 4500 | ||
|---|---|---|---|
| 001 | 102476 | ||
| 003 | KnowledgeUnlatched | ||
| 005 | 20210303105013.0 | ||
| 006 | m o d | ||
| 007 | cr u|||||||||| | ||
| 008 | 210129p20192019enk o u00| u eng d | ||
| 037 | _5BiblioBoard | ||
| 245 | 0 | 0 |
_aCaesarism in the Post-Revolutionary Age _bCrisis, Populace and Leadership / _cMarkus J. Prutsch. |
| 020 | _a9781474267564 | ||
| 029 | 1 | _ahttps://library.biblioboard.com/ext/api/media/31c220a2-7c28-4733-83b2-dcc5c63931ea/assets/thumbnail.jpg | |
| 040 |
_aScCtBLL _cScCtBLL |
||
| 100 | 1 |
_aPrutsch, Markus J. _eauthor. |
|
| 264 | 1 | _bBloomsbury Academic, | |
| 300 | _a1 online resource (1 p.) | ||
| 506 | 0 |
_aAccess copy available to the general public. _fUnrestricted _2star |
|
| 520 | _aDebates about the legitimacy and 'essence' of political rule and the search for 'ideal' forms of government have been at the very heart of political thought ever since its beginnings in the Ancient World. Caesarism in the Post-Revolutionary Age explores the complex relationship between democracy and dictatorship from the 18th century onwards. More concretely, it assesses how, during the post-revolutionary period, democracy emerged as something compatible with dictatorship, both on the level of political thought and practice. | ||
| 588 | 0 | _aDescription based on print version record. | |
| 590 | _aKU Select 2018: HSS Frontlist Books | ||
| 650 | 7 |
_aHistory / Modern _2bisacsh |
|
| 650 | 0 | _aHistory | |
| 655 | 0 | _aElectronic books. | |
| 758 |
_iIs found in: _aKnowledge Unlatched _1https://openresearchlibrary.org/module/2774bc74-146a-484f-a7ba-ab1d6a09bbfb |
||
| 856 | 4 | 0 |
_uhttps://openresearchlibrary.org/content/31c220a2-7c28-4733-83b2-dcc5c63931ea _zView this content on Open Research Library. _70 |
| 999 |
_c33236 _d33236 |
||